000 00504nam a2200181Ia 4500
001 24581
005 20260414151053.0
008 260414t2011||||xx |||||||||||||| ||spa||
041 _aESP
082 _a345.721
_bB141 V. 27
110 _aBiblioteca de arbitraje del Estudio Mario Castillo Freyre
245 0 _aArbitraje :
_bactas del quinto congreso internacional de Arbitraje
260 _c2011
300 _a330 páginas :
_c24 cm.
650 _aDER
654 _aCDE
942 _cLIB
_dJUS
_fJUS
_2ddc
_n
999 _c24581
_d24581